| 000 | 00595nam a2200217 i 4500 | ||
|---|---|---|---|
| 001 | C2-0254180 | ||
| 003 | PPAK | ||
| 005 | 20180727221738.0 | ||
| 008 | 040426s1991 my a|||| ||||| | may d | ||
| 040 |
_aPPAK _beng _cPPAK _erda |
||
| 082 | 0 | 4 |
_a499.2305 _223 |
| 090 | 0 | 0 |
_a499.2305 _bDEW _dR |
| 245 | 0 | 0 | _aJurnal Dewan Bahasa |
| 264 | 1 |
_aKuala Lumpur : _bDewan Bahasa dan Pustaka , _c1991 |
|
| 300 |
_avarious pages pages : _billustrations ; _c27 cm |
||
| 336 |
_2rdacontent _atext |
||
| 337 |
_2rdamedia _aunmediated |
||
| 338 |
_2rdacarrier _avolume |
||
| 500 | _aFeb-Sept | ||
| 942 |
_ddc _cB |
||
| 999 |
_c66939 _d66939 |
||